Index of mining properties in Yuma County, Arizona /

Bibliographic Details
Main Author: Keith, Stanton B.
Format: Book
Language:English
Published: Tucson : University of Arizona, 1978.
Series:Bulletin (Arizona Geological Survey) ; no. 192.
Subjects:

MARC

Tag First Indicator Second Indicator Subfields
LEADER 00000cam a2200000 a 4500
001 in00000654591
005 20151015070849.0
008 781108s1978 azua b s00010 engmd
035 |a (OCoLC)04356263 
035 |9 ACW7419AM 
040 |a AZN  |c AZN  |d m.c.  |d TXA  |d UtOrBLW 
049 |a TXAM  |c [1167004] 
090 |a TN24.A6  |b A35 no.192 
100 1 |a Keith, Stanton B. 
245 1 0 |a Index of mining properties in Yuma County, Arizona /  |c by Stanton B. Keith. 
264 1 |a Tucson :  |b University of Arizona,  |c 1978. 
300 |a iv, 185 pages :  |b illustrations ;  |c 22 cm. 
336 |a text  |b txt  |2 rdacontent 
337 |a unmediated  |b n  |2 rdamedia 
338 |a volume  |b nc  |2 rdacarrier 
490 1 |a Bulletin / Arizona Bureau of Geology and Mineral Technology ;  |v no 192 
504 |a Bibliography: pages 182-185. 
650 0 |a Mines and mineral resources  |z Arizona  |z Yuma County  |x Registers. 
830 0 |a Bulletin (Arizona Geological Survey) ;  |v no. 192. 
999 |a MARS 
999 f f |s 987b2034-e47d-3ec1-9ca0-653831837bcc  |i b12219ce-7281-3898-86e5-f46c14194fe2  |t 0 
952 f f |p ric  |a Texas A&M University  |b Rellis Campus  |c Joint Library Facility  |d Remote Storage  |t 0  |e TN24.A6 A35 no.192  |h Library of Congress classification  |i unmediated -- volume  |m A14805561804 
998 f f |a TN24.A6 A35 no.192  |t 0  |l Remote Storage